| 000 | 00924nam a22001937a 4500 | ||
|---|---|---|---|
| 999 |
_c371625 _d371625 |
||
| 008 | 201127b ||||| |||| 00| 0 eng d | ||
| 040 |
_aDE-2950 _bger _cDE-2950 _erda |
||
| 041 | _ager | ||
| 245 |
_aDer lange Weg zur Lehrerbildungsanstalt. _bStadtgeschichte: Im heutigen Gauß-Gymnasium wurden 1935 bis 1945 und von 1951 bis 1953 Lehrer ausgebildet. Wie kein anderes Gebäude steht der gewaltige Bau für das Bemühen der Stadt um eine höhere Ausbildungsstätte nach dem Verlust der alten Universität im Jahre 1811 / _cRalf-Rüdiger Targiel |
||
| 264 | _c2022 | ||
| 653 | _aFrankfurt (Oder) | ||
| 653 | _aLehrerbildungsanstalt / Baugeschichte | ||
| 653 | _aGauß-Gymnasium | ||
| 773 |
_dFrankfurt (Oder) Märkisches Verlags- und Druckhaus GmbH & Co KG _tMärkische Oderzeitung _g33. Jahrgang (2022) Nr. 115 vom 18.05.2022, S. 16 |
||
| 942 | _cA | ||